All Tarka Line Stations (Devon, UK Railways) - Statistics

General Stats
  • This quiz has been taken 32 times
  • The average score is 10 of 14
Answer Stats
Station % Correct
Barnstaple
92%
Exeter Central
92%
Exeter St Davids
92%
Crediton
81%
Eggesford
73%
Portsmouth Arms
73%
Umberleigh
69%
Yeoford
69%
Copplestone
65%
Newton St Cyres
65%
Kings Nympton
62%
Lapford
62%
Chapelton
58%
Morchard Road
50%
No matching quizzes found
Score Distribution
Percent of People with Each Score
Percentile by Number Answered
Your Score History
You have not taken this quiz